000 00390nam a2200133 a 4500
001 000036681
005 20200930075854.0
008 120125s1989 cu 000 0 spa d
040 _aDO-SdBNP
_bspa
_cBNPHU
100 1 _aSorín, Miguel
_962960
245 1 0 _aPsicoterapia y médico de familia /
_cMiguel Sorín.
260 _aLa Habana :
_bCiencias Médicas,
_c1989.
300 _a122 p. ;
_c23 cm.
999 _c36172
_d36172